Catalog

Record Details

Catalog Search



Sistemi ACM e Imaging Diagnostico Le immagini mediche come Matrici Attive di Connessioni  Cover Image E-book E-book

Sistemi ACM e Imaging Diagnostico [electronic resource] : Le immagini mediche come Matrici Attive di Connessioni / by Paolo Massimo Buscema.

Record details

  • ISBN: 9788847004443
  • Physical Description: XIV, 238 pagg. online resource.
  • Publisher: Milano : Springer Milan, 2006.
Subject: Medicine.
Radiology, Medical.
Computer vision.
Medicine & Public Health.
Imaging / Radiology.
Image Processing and Computer Vision.

Electronic resources


LDR 01383nam a22003855i 4500
00130226
003CONS
00520131217221214.0
007cr nn 008mamaa
008100301s2006 it | s |||| 0|ita d
020 . ‡a9788847004443 ‡9978-88-470-0444-3
0247 . ‡a10.1007/88-470-0444-6 ‡2doi
035 . ‡a(DE-He213)978-88-470-0444-3
050 4. ‡aR895-920
072 7. ‡aMMPH ‡2bicssc
072 7. ‡aMMP ‡2bicssc
072 7. ‡aMED008000 ‡2bisacsh
1001 . ‡aBuscema, Paolo Massimo. ‡eauthor.
24510. ‡aSistemi ACM e Imaging Diagnostico ‡h[electronic resource] : ‡bLe immagini mediche come Matrici Attive di Connessioni / ‡cby Paolo Massimo Buscema.
264 1. ‡aMilano : ‡bSpringer Milan, ‡c2006.
300 . ‡aXIV, 238 pagg. ‡bonline resource.
336 . ‡atext ‡btxt ‡2rdacontent
337 . ‡acomputer ‡bc ‡2rdamedia
338 . ‡aonline resource ‡bcr ‡2rdacarrier
347 . ‡atext file ‡bPDF ‡2rda
650 0. ‡aMedicine.
650 0. ‡aRadiology, Medical.
650 0. ‡aComputer vision.
65014. ‡aMedicine & Public Health.
65024. ‡aImaging / Radiology.
65024. ‡aImage Processing and Computer Vision.
7102 . ‡aSpringerLink (Online service)
7730 . ‡tSpringer eBooks
77608. ‡iPrinted edition: ‡z9788847003873
85640. ‡uhttp://biblioteca.ipicyt.edu.mx:2048/login?url=http://dx.doi.org/10.1007/88-470-0444-6 ‡yTexto completo ‡9CONS
950 . ‡aMedicine (Springer-11650)
901 . ‡a30226 ‡b ‡c30226 ‡tbiblio ‡sSystem Local

Additional Resources